书目信息 |
| 题名: |
中国城市管理报告
|
|
| 作者: | 刘承水 主编 | |
| 分册: | 2020 中国36个重点城市管理水平评价 | |
| 出版信息: | 北京 社会科学文献出版社 2020.11 |
|
| 页数: | 284页 | |
| 开本: | 24cm | |
| 丛书名: | 皮书系列 | |
| 单 册: | ||
| 中图分类: | F299.22 | |
| 科图分类: | ||
| 主题词: | 城市管理--cheng shi guan li--研究报告--中国--2020 | |
| 电子资源: | ||
| ISBN: | 978-7-5201-7156-4 | |
| 000 | 01645nam 2200349 450 | |
| 001 | 202021193190 | |
| 005 | 20211025120136.0 | |
| 010 | @a978-7-5201-7156-4@dCNY128.00 | |
| 100 | @a20210927d2020 em y0chiy50 ea | |
| 101 | 0 | @achi@deng@eeng |
| 102 | @aCN@b110000 | |
| 105 | @aak a 000yy | |
| 106 | @ar | |
| 200 | 1 | @a中国城市管理报告@Azhong guo cheng shi guan li bao gao@h2020@d= Annual report on urban management of China@h2020@i中国36个重点城市管理水平评价@f主编刘承水@zeng |
| 210 | @a北京@c社会科学文献出版社@d2020.11 | |
| 215 | @a284页@c图@d24cm | |
| 225 | 2 | @a皮书系列@Api shu xi lie |
| 225 | 2 | @a北京市哲学社会科学研究基地智库报告系列丛书@Abei jing shi zhe xue she hui ke xue yan jiu ji di zhi ku bao gao xi lie cong shu |
| 300 | @a“十二五”“十三五”国家重点图书出版规划项目 城市管理蓝皮书 2020版 No.7 | |
| 314 | @a刘承水, 中国致公党党员, 政协委员, 管理学博士。 | |
| 320 | @a有书目 (第271-275页) | |
| 330 | @a本书分总报告、分报告、北京专项报告。内容包括: 新时代城市管理转型之路: 推进城市治理现代化 ; 中国重点城市社会管理评价报告 ; 中国重点城市经济管理评价报告等。 | |
| 410 | 0 | @12001 @a皮书系列 |
| 410 | 0 | @12001 @a北京市哲学社会科学研究基地智库报告系列丛书 |
| 510 | 1 | @aAnnual report on urban management of China@h2020@zeng |
| 516 | 1 | @a2020城市管理蓝皮书@A2020 cheng shi guan li lan pi shu |
| 517 | 1 | @a中国36个重点城市管理水平评价@Azhong guo 36 ge zhong dian cheng shi guan li shui ping ping jia |
| 606 | 0 | @a城市管理@Acheng shi guan li@x研究报告@y中国@z2020 |
| 690 | @aF299.22@v5 | |
| 701 | 0 | @a刘承水@Aliu cheng shui@4主编 |
| 801 | 0 | @aCN@c20210909 |
| 905 | @a河南城建学院图书馆@dF299.22@eL596 | |
| 中国城市管理报告.2020= Annual report on urban management of China.2020.中国36个重点城市管理水平评价/主编刘承水.-北京:社会科学文献出版社,2020.11 |
| 284页:图;24cm.-(皮书系列).-(北京市哲学社会科学研究基地智库报告系列丛书) |
| “十二五”“十三五”国家重点图书出版规划项目 城市管理蓝皮书 2020版 No.7 |
| ISBN 978-7-5201-7156-4:CNY128.00 |
| 本书分总报告、分报告、北京专项报告。内容包括: 新时代城市管理转型之路: 推进城市治理现代化 ; 中国重点城市社会管理评价报告 ; 中国重点城市经济管理评价报告等。 |
| ● |
| 相关链接 |
|
|
|
正题名:中国城市管理报告
索取号:F299.22/L596
 
预约/预借
| 序号 | 登录号 | 条形码 | 馆藏地/架位号 | 状态 | 备注 |
| 1 | 1542177 | 215421773 | 社科库409/409社科库 110排1列1层/ [索取号:F299.22/L596] | 在馆 |